000 00212nam a22000857a 4500
008 170616b xxu||||| |||| 00| 0 eng d
100 _93459
_aKripalani. K
245 _aTagore a life
260 _aNew Delhi
_bN. B. T
_c2008
999 _c6833
_d6833